Текст томруулах:    
The nomadic alternative / (Бичлэгийн дугаар. 145072)
000 -УДИРДЛАГА
Удирдлага 01278 a2200349 4500
003 - ХЯНАЛТЫН ТОО ТОДОРХОЙЛОГЧ
Код MN-UlNUM
005 - БИЧИЛТ ХИЙСЭН ОГНОО
Тухайн бичилтийг бичсэн засварласан сүүлийн огноо 20251028161757.0
008 - ЕРӨНХИЙ МЭДЭЭЛЭЛ
Ерөнхий мэдээлэл 110605s1993 njuab b 001 0 eng d
020 ## - ISBN
ISBN 0136249825
040 ## - БИЧЛЭГ ҮҮСГЭГЧ БАЙГУУЛЛАГА
Бичлэг үүсгэгч номын сангийн код МУИС-ийн номын сан
084 ## - ББК АНГИЛАЛ
ББК ангилал 65.01
Зохиогчийн гурван тэмдэгт B 24
Нэмэлт тусгалт Гарын авлага
Мэдлэгийн ялгаа 65 - Эдийн засаг
100 1# - ЗОХИОГЧ
Зохиогчийн нэр Barfield, Thomas J.
Зохиогчийн огноо 1950-
Зохиогчийн бүтэн овог нэр (Thomas Jefferson),
245 14 - ҮНДСЭН ГАРЧИГ
Номын нэр The nomadic alternative /
Бага гарчгийн мэдээ A comparative study of economic growth in South Korea and Taiwan /
Оролцогчдын тухай мэдээ Thomas J. Barfield
250 ## - ДАХИН ХЭВЛЭЛТ
Дахин гаралтын дугаар Rev. and expanded ed.
260 ## - ГАРАЛТЫН МЭДЭЭ
Хэвлэгдсэн газар Englewood Cliffs, N.J. :
Хэвлэлийн газар Prentice Hall,
Хэвлэгдсэн он c1993.
300 ## - МАТЕРИАЛЫН ТОДОРХОЙЛОЛТ
хуудасны тоо x, 230 p. :
Бусад тоон мэдээлэл ill., map ;
Хэмжээ 23 cm.
500 ## - Тайлбар
Дансны дугаар БС 5607
546 ## - ХЭЛНИЙ ТУХАЙ МЭДЭЭ
Хэл Англи хэл дээр,
653 ## - Түлхүүр үг
Түлхүүр үг nomads
653 ## - Түлхүүр үг
Түлхүүр үг social conditions
653 ## - Түлхүүр үг
Түлхүүр үг economic conditions
740 ## - НОМЫН ГАРЧИГ
Гарчиг Introduction
740 ## - НОМЫН ГАРЧИГ
Гарчиг The cattle keepers: East African pastoralism
740 ## - НОМЫН ГАРЧИГ
Гарчиг The camel nomads: The Desert Bedouins
740 ## - НОМЫН ГАРЧИГ
Гарчиг The good shepherds: Pastoral tribes of southwest asia
740 ## - НОМЫН ГАРЧИГ
Гарчиг The horse riders: Nomads of the Eurasian steppe
740 ## - НОМЫН ГАРЧИГ
Гарчиг The Yak breeders: High altitude pastoralism in tibet
740 ## - НОМЫН ГАРЧИГ
Гарчиг The enduring nomad: Perceptions and realities
942 ## - ЭЛЕМЕНТИЙН ТӨРӨЛ
Зүйлийн төрөл Ном